Philosophy & civilization : proceedings of the First Afro-Asian Philosophy Conference, 13th to 16th March, 1978, Cairo (Egypt) /
مؤلفون مشاركون: , , ,
مؤلفون آخرون:
التنسيق: وقائع المؤتمر كتاب
اللغة:
English
French
منشور في:
Cairo :
Faculty of Education, Ain Shams University,
1978.
الموضوعات:
الوسوم: إضافة وسم
رقم الطلب: CB19 .A36 1978
| LEADER | 01377nam a2200313 a 4500 | ||
|---|---|---|---|
| 001 | 164 | ||
| 003 | OSt | ||
| 005 | 20251110070944.0 | ||
| 008 | 130303s1978 ua 100 0 eng d | ||
| 010 | |a 80960424 | ||
| 040 | |c ARCE Library | ||
| 041 | 0 | |a eng |a fre | |
| 050 | 4 | |a CB19 .A36 1978 | |
| 111 | 2 | |a Afro-Asian Philosophy Conference |n (1st : |d 1978 : |c Cairo, Egypt), |9 20704 | |
| 245 | 1 | 0 | |a Philosophy & civilization : |b proceedings of the First Afro-Asian Philosophy Conference, 13th to 16th March, 1978, Cairo (Egypt) / |c editor Mourad Wahba. |
| 264 | 1 | |a Cairo : |b Faculty of Education, Ain Shams University, |c 1978. | |
| 300 | |a xxv, 255 pages ; |c 24 cm. | ||
| 500 | |a "Organized by the Faculty of Education, Ain Shams University, in cooperation with the Arab Organization for Education, Culture, and Science under the sponsorship of FISP (Fédération internationale des sociétés de philosophie)"-- Page iii. | ||
| 546 | |a English and French. | ||
| 650 | 0 | |a Civilization |x Philosophy |v Congresses. | |
| 650 | 0 | |a Philosophy |v Congresses. | |
| 700 | 1 | |a Wahbah, Murād. | |
| 710 | 2 | |a Arab League Educational, Cultural, and Scientific Organization. | |
| 710 | 2 | |a International Federation of Philosophical Societies. | |
| 710 | 2 | |a Jāmiʻat ʻAyn Shams. |b Kullīyat al-Tarbiyah. | |
| 740 | 0 | |a Philosophy and civilization. | |
| 901 | |a reviewed | ||
| 942 | |c BK |2 lcc | ||
| 999 | |c 9873 |d 9873 | ||
